Κουαρτέτο σε 4 κινήσεις : Σενάριο
Saved in:
| Main Author: | |
|---|---|
| Format: | Book |
| Language: | Greek |
| Published: |
Αθήνα :
Καστανιώτης,
1994
|
| Subjects: | |
| Tags: |
Add Tag
No Tags, Be the first to tag this record!
|
MARC
| LEADER | 00000nam a2200000 i 4500 | ||
|---|---|---|---|
| 001 | 1/22283 | ||
| 008 | 950131s1994 gre d | ||
| 020 | |a 960-03-1304-0 | ||
| 035 | |l 10021871 | ||
| 040 | |a GR-MY-UA |b gre |e aacr | ||
| 041 | 0 | |a gre | |
| 082 | 0 | |a 889.8 | |
| 100 | 1 | |a Ρικάκη, Λουκία |d 1961- | |
| 245 | 1 | 0 | |a Κουαρτέτο σε 4 κινήσεις : |b Σενάριο / |c Λουκία Ρικάκη |
| 260 | |a Αθήνα : |b Καστανιώτης, |c 1994 | ||
| 650 | 0 | 0 | |a Greek literature. |
| 852 | |a INST |b CHIOS |e 19950131 |h 889.8 ΡΙΚ |p 005200003483 |q 005200003483 |t BK |y 0 | ||
| 909 | |a Χ |b 037677 | ||